Hodnotenie práce územnej samosprávy informácie o výkone štátnej správy v obciach a vyšších územných celkoch

Pokračovanie Správy o činnosti obcí a vyšších územných celkov (VÚC) v oblasti preneseného výkonu štátnej správy za rok 2003. Príloha 1 - Prehľad spoločných obecných úradov k 31. marcu 2004.

Salvato in:
Dettagli Bibliografici
Natura: Capitolo di libro
Lingua:slovacco
Soggetti:
Tags: Aggiungi Tag
Nessun Tag, puoi essere il primo ad aggiungerne!!

MARC

LEADER 00000naa$a2200000$$$4500
001 0022570
005 20231016083613.4
041 0 |a slo 
044 |a SK 
245 1 0 |a Hodnotenie práce územnej samosprávy  |b informácie o výkone štátnej správy v obciach a vyšších územných celkoch 
520 |a Pokračovanie Správy o činnosti obcí a vyšších územných celkov (VÚC) v oblasti preneseného výkonu štátnej správy za rok 2003. Príloha 1 - Prehľad spoločných obecných úradov k 31. marcu 2004. 
610 2 0 |a správa štátna 
610 2 0 |a samospráva 
610 2 0 |a obce 
610 2 0 |a vyššie územné celky 
610 2 0 |a úrady 
610 2 0 |a 2003